| 000 | 01242cam a2200325 i 4500 | ||
|---|---|---|---|
| 003 | SA-RiAUC | ||
| 005 | 20250210070207.0 | ||
| 008 | 250204s1998 ua g 00010 ara c | ||
| 020 | _a9770904279 | ||
| 040 |
_aADPOL _bara _cSA-RiAUC. _erda |
||
| 043 |
_aa-is--- _ama----- |
||
| 050 | 4 | _b. A45 1998 | |
| 082 | 0 | 4 |
_a303.482569 _qSA-RiAUC |
| 090 |
_a303.482569 _bا م ي |
||
| 100 | 1 |
_aأمين، جلال، _d1935-2018 _eمؤلف. |
|
| 245 | 1 | 2 |
_aالمثقفون العرب وإسرائيل / _cجلال أمين. |
| 250 | _aالطبعة الأولى. | ||
| 264 | 1 |
_aالقاهرة : _bدار الشروق، _c1998 |
|
| 300 |
_a231 صفحة ؛ _c22 سم |
||
| 336 |
_aنص _btxt _2rdacontent _3كتاب |
||
| 337 |
_aبدون وسيط _bn _2rdamedia |
||
| 338 |
_aمجلد _bnc _2rdacarrier |
||
| 650 | 7 |
_aالمثقفون العرب _xنشاط سياسي _2aucsh |
|
| 650 | 7 |
_aالثقافة العربية _2aucsh |
|
| 650 | 7 |
_aالحضارة العربية _2aucsh |
|
| 651 | 7 |
_aالبلاد العربية _xعلاقات ثقافية _zإسرائيل _2aucsh |
|
| 651 | 7 |
_aإسرائيل _xعلاقات ثقافية _zالبلاد العربية _2aucsh |
|
| 942 |
_2ddc _cBOOK _n0 |
||
| 949 |
_aSA-JeALM _d250204 _umohamedma123 _n1 |
||
| 999 |
_c5768 _d5768 |
||